Statistics for Most Guessed Small Countries on Jetpunk

Click here to take the quiz!

General Stats

  • This quiz has been taken 34 times
  • The average score is 11 of 15

Answer Stats

% Guessed Country % Correct
42Vatican City
100%
37Liechtenstein
97%
50Luxembourg
91%
39Andorra
91%
39Monaco
88%
38Malta
85%
31San Marino
85%
43Singapore
65%
29Bahrain
65%
32Barbados
62%
42Cyprus
59%
31Maldives
59%
57Dominica
41%
35Trinidad and Tobago
41%
29Mauritius
41%

Score Distribution

Percentile by Number Answered

Percent of People with Each Score

Your Score History

You have not taken this quiz